PLK ft. Hamza - Pilote - Statistiques

Statistiques générales
  • Ce quiz a été pris 1 022 fois
  • Le résultat moyen est 349 sur 496
Statistiques - réponses
Réponse % Correct
a
99%
à
99%
s
99%
s'
99%
t'
99%
c'
98%
d'
98%
l'
98%
la
97%
La
97%
caisse
96%
de
96%
J'
96%
j'
96%
es
94%
des
91%
Elle
91%
elle
91%
En
91%
en
91%
est
91%
pas
91%
ma
90%
Ma
90%
ai
89%
fais
89%
gros
88%
grosse
87%
le
87%
pilote
87%
fesses
86%
il
86%
Pour
86%
pour
86%
brune
85%
grosses
85%
chérie
84%
dans
84%
faut
83%
qu'
83%
un
83%
blé
81%
comme
81%
tu
80%
Tu
80%
god
79%
God
79%
se
79%
fait
78%
mon
78%
sortir
78%
les
77%
liasse
77%
qui
77%
on
76%
sais
75%
bless
74%
poche
73%
Si
73%
si
73%
bien
70%
me
70%
condé
67%
mais
67%
format
66%
que
65%
Sur
65%
sur
65%
veux
65%
autres
63%
pays
63%
Pays
63%
balader
62%
parle
62%
Toi
62%
toi
62%
je
61%
Porsche
61%
suis
61%
tour
61%
veut
61%
aille
60%
bruit
60%
F3
60%
connait
59%
périph
57%
peux
57%
rater
57%
maison
56%
quitte
56%
trucs
55%
92
54%
commission
54%
Khapta
54%
khapta
54%
mis
54%
affaires
53%
bidons
53%
calcule
53%
karaté
53%
ceinture
52%
mission
51%
noir
51%
coeur
50%
demande
50%
roule
50%
scarabé
50%
tieks
50%
touche
50%
toujours
49%
aqua
48%
comment
48%
rouge
48%
teh
47%
Bas
46%
son
46%
ceux
45%
chaque
45%
conclure
45%
du
44%
transac
44%
Et
42%
et
42%
trouve
41%
AMG
38%
anonymat
38%
moi
38%
paix
38%
sous
34%
demandais
33%
jet
33%
trouverais
33%
maria
32%
Sauce
32%
ski
32%
dit
31%
menotté
31%
Nostra
30%
sons
29%
aussi
28%
dernière
28%
finis
28%
soeur
28%
4K
27%
Baby
27%
Benzo
27%
Cosa
27%
devant
26%
grossier
26%
idées
26%
numéro
26%
plutôt
26%
boule
25%
basta
24%
mes
24%
baveux
23%
cent
23%
marina
23%
potion
22%
prix
22%
pull
22%
up
22%
bloc
21%
vois
21%
glock
19%
rosé
19%
bres-som
18%
pensées
18%
opé
17%
frais
16%
plus
15%
re-pai
15%
Henny
14%
recommencer
14%
sors
14%
te-shi
14%
même
13%
nan
13%
télévison
13%
avec
11%
euros
11%
Oh
10%
club
9%
monnaie
9%
devra
5%
Bad
3%
bitch
3%
Aucun quiz correspondant
Distribution des résultats
% des personnes avec chaque résultat
Percentile par nombre de réponses
Votre historique - résultats
Vous n’avez pas pris ce quiz